Catálogo
 En Linea

Silencio en el estudio / (Registro nro. 38436)

Detalles MARC
000 -CABECERA
campo de control de longitud fija 00610nam a2200205 a 4500
001 - NÚMERO DE CONTROL
campo de control 000038946
003 - IDENTIFICADOR DEL NÚMERO DE CONTROL
campo de control OSt
005 - FECHA Y HORA DE LA ÚLTIMA TRANSACCIÓN
campo de control 20201207102545.0
008 - DATOS DE LONGITUD FIJA--INFORMACIÓN GENERAL
campo de control de longitud fija 130507s2006 dr ac 000 0 spa d
020 ## - NÚMERO INTERNACIONAL ESTÁNDAR DEL LIBRO
Número Internacional Estándar del Libro 9789993458340
020 ## - NÚMERO INTERNACIONAL ESTÁNDAR DEL LIBRO
Número Internacional Estándar del Libro 9993458341
040 ## - FUENTE DE LA CATALOGACIÓN
Centro catalogador/agencia de origen DO-SdBNP
Lengua de catalogación spa
Centro/agencia transcriptor BNPHU
100 1# - ENTRADA PRINCIPAL--NOMBRE DE PERSONA
Nombre de persona Cepeda y Cepeda, Osvaldo
9 (RLIN) 65210
245 10 - MENCIÓN DE TÍTULO
Título Silencio en el estudio /
Mención de responsabilidad, etc. Osvaldo Cepeda y Cepeda.
260 ## - PUBLICACIÓN, DISTRIBUCIÓN, ETC.
Lugar de publicación, distribución, etc. Santo Domingo :
Nombre del editor, distribuidor, etc. Centenario,
Fecha de publicación, distribución, etc. 2006.
300 ## - DESCRIPCIÓN FÍSICA
Extensión 167 p. :
Otras características físicas ils., retrs.
500 ## - NOTA GENERAL
Nota general Incluye datos biográficos del autor en las solapas
590 ## - NOTA LOCAL (RLIN)
Nota local Inventariado, 2020 /LP<br/><br/>
942 ## - ELEMENTOS DE PUNTO DE ACCESO ADICIONAL (KOHA)
Fuente del sistema de clasificación o colocación Dewey Decimal Classification
Tipo de ítem Koha Libro
Existencias
Estado de retiro Estado de pérdida Fuente del sistema de clasificación o colocación Restricciones de uso No para préstamo Código de colección Localización permanente Ubicación/localización actual Ubicación en estantería Fecha de adquisición Número de inventario Total de préstamos Signatura topográfica completa Código de barras Fecha visto por última vez Precio válido a partir de Tipo de ítem Koha Fuente de adquisición Número de copia
    Dewey Decimal Classification Préstamo en sala   Dominicana de Servicio Biblioteca Nacional Pedro Henríquez Ureña Biblioteca Nacional Pedro Henríquez Ureña En catalogación 12.10.2018       2022-5472 07.12.2020 07.12.2020 Libro Búho e.3
    Dewey Decimal Classification Préstamo en sala   Dominicana de Servicio Biblioteca Nacional Pedro Henríquez Ureña Biblioteca Nacional Pedro Henríquez Ureña En catalogación 12.10.2018       2022-5473 17.11.2022 07.12.2020 Libro Búho e. 4
    Dewey Decimal Classification Excluido de préstamo Excluido de préstamo Monografías: Libros y Folletos Biblioteca Nacional Pedro Henríquez Ureña Patrimonio Dominicano Depósito 07.05.2013 LF1   38946-10 25.06.2020 25.06.2020 Libro    
    Dewey Decimal Classification Excluido de préstamo Préstamo restrigido Monografías: Libros y Folletos Biblioteca Nacional Pedro Henríquez Ureña Patrimonio Dominicano Depósito 10.04.2019 LF1   38946-20 25.06.2020 25.06.2020 Libro FUNDI e. 2

Con tecnología Koha